| 000 | 00675nam a2200241 a 4500 | ||
|---|---|---|---|
| 001 | 20188 | ||
| 003 | CO-ViMGA | ||
| 008 | 141112s2004 ck r 000 u spa d | ||
| 020 | _a8434847337 | ||
| 040 |
_aCO-ViMGA _bspa _cCO-ViMGA |
||
| 082 | 0 | 4 | _aENDe |
| 100 | 1 |
_aEnde, Michael _93219 |
|
| 245 | 1 | 0 | _aLa escuela de magia y otros cuentos |
| 250 | _a4 | ||
| 260 |
_aMadrid : _bEdiciones S.M., _c2001 |
||
| 300 | _a151 p. | ||
| 490 | 0 | _aEl barco de vapor; serie oro naranja; 9 | |
| 500 | _aa partir de 9 años. | ||
| 590 | _aForma de adquisición : Premio Mincultura | ||
| 650 | 1 | 4 |
_aCUENTOS INFANTILES - MAGIA _93220 |
| 650 | 1 | 4 |
_aNOVELA ALEMANA _92669 |
| 942 |
_2ddc _cBK |
||
| 999 |
_c9806 _d9806 |
||